000 00270nam a2200109Ia 4500
008 220204s9999 xx 000 0 und d
082 _a657
_bKEM
100 _aKemp, Patrick S
245 0 _aAccounting for the manager
260 _aBombay
_bTaraporevala
_c1970
942 _cBK
999 _c30350
_d30350